000 00502nam a2200193 a 4500
001 4038
003 CO-ViMGA
008 141112s2004 ck r 000 u spa d
040 _aCO-ViMGA
_bspa
_cCO-ViMGA
082 0 4 _a614.58 F682
100 1 _aFoucault, Michel
245 1 0 _aEnfermedad mental y personalidad
260 _aBuenos Aires :
_bPaidós,
_c1991
300 _a122 p
490 _aPaidós studio
650 1 4 _aENFERMEDADES MENTALES
_954383
650 1 4 _aPERSONALIDAD
_95161
942 _2ddc
_cBK
999 _c16054
_d16054